Les premiers pays à célébrer le Nouvel An - Statistiques

Statistiques générales
  • Ce quiz a été pris 83 fois
  • Le résultat moyen est 14 sur 20
Statistiques - réponses
Heure Pays % Correct
+3:30 Australie
96%
+1:15 Nouvelle-Zélande
93%
+5:00 Japon
91%
+2:00 Fidji
82%
+5:00 Indonésie
78%
+1:00 Samoa
72%
+2:00 Russie
71%
+5:00 Corée du Sud
70%
+1:00 Tonga
70%
+3:00 Vanuatu
67%
+5:00 Corée du Nord
66%
+2:00 Îles Marshall
66%
+3:00 Îles Salomon
66%
+3:00 Micronésie
64%
+2:00 Tuvalu
64%
+3:00 Papouasie-Nouvelle-Guinée
63%
Premier pays Kiribati
62%
+2:00 Nauru
61%
+5:00 Palaos
59%
+5:00 Timor oriental
41%
Aucun quiz correspondant
Distribution des résultats
% des personnes avec chaque résultat
Percentile par nombre de réponses
Votre historique - résultats
Vous n’avez pas pris ce quiz